000 00703nam a22002297a 4500
005 20150729125301.0
010 _aENG-113231
020 _a9788184502824
_c900.00
035 _aEN-96763
037 _bDBAD/PUB
082 _a343.5401
100 _aSharma, G.K.
245 _aCourts on military law /
_cby G.K. Sharma [and] M.S. Jaswal ; foreworded by Vinod K. Gupta
250 _a2nd rev. & enl.ed
260 _aNew Delhi
_bDeep & Deep Publications
_c2010
270 _aF-159, Rajouri Garden,
_bNew Delhi
_e110027
300 _axx,1165p.
_c25cm(Hb)
500 _aIncludes index
700 _aJaswal, M.S.
700 _aGupta, Vinod K.
942 _2ddc
_cEN
_mSHA
_h343.5401
999 _c94099
_d94099